Petri nets in flexible and agile automation /
Guardado en:
| Otros Autores: | |
|---|---|
| Formato: | Libro |
| Idioma: | English |
| Publicado: |
Boston :
Kluwer Academic Publishers,
c1995.
|
| Series: | Kluwer international series in engineering and computer science ;
SECS 310. |
| Materias: | |
| Etiquetas: |
Agregar Etiqueta
Sin Etiquetas, Sea el primero en etiquetar este registro!
|
| LEADER | 00874cam a2200241 a 4500 | ||
|---|---|---|---|
| 001 | DCC.dcic000855 | ||
| 008 | 941227s1995####maua#####b####001#0#eng## | ||
| 005 | 20151124152210.0 | ||
| 245 | 0 | 0 | |a Petri nets in flexible and agile automation / |c edited by MengChu Zhou. |
| 260 | |a Boston : |b Kluwer Academic Publishers, |c c1995. | ||
| 300 | |a xix, 379 p. : |b il. ; |c 25 cm. | ||
| 490 | 1 | |a Kluwer international series in engineering and computer science ; |v 310 | |
| 504 | |a Incluye referencias bibliográficas e índice. | ||
| 020 | |a 0792395573 (acid-free paper) | ||
| 700 | 1 | |a Zhou, MengChu. | |
| 830 | 0 | |a Kluwer international series in engineering and computer science ; |v SECS 310. | |
| 082 | 0 | 0 | |a 629.8 |2 20 |
| 650 | 0 | |a Automatic control. | |
| 650 | 0 | |a Petri nets. | |
| 010 | |a 94049010 | ||
| 040 | |a DLC |c DLC |d DLC | ||
| 050 | 0 | 0 | |a TJ213 |b .P44 1995 |
| 859 | |a DCIC |b BIB. COMPUTACION |p 1112 | ||
